000 00316nam a22001337a 4500
008 170620b xxu||||| |||| 00| 0 eng d
020 _a9780521457156
041 _aeng
080 _a32
100 _a20
101 _aSHP
245 _aTHE TRANFORMATION OF EUROPEAN SOCIAL DEMOCRACY
_cKITSCHELT,H
942 _2udc
_cBK
999 _c18243
_d18243